000 00310nam a22001217a 4500
008 160520b xxu||||| |||| 00| 0 eng d
020 _a9780534535568
020 _a0534535569
041 _aeng
080 _a316.77
245 _aMedia guide for interpersonal communication:
_cCharles G. Apple;
942 _2udc
_cBK
999 _c2317
_d2317